Oxford GCSE maths for Edexcel : (Record no. 109805)
[ view plain ]
| 000 -LEADER | |
|---|---|
| fixed length control field | 00417nam a2200145 a 4500 |
| 005 - DATE AND TIME OF LATEST TRANSACTION | |
| control field | 20140414093849.0 |
| 008 - FIXED-LENGTH DATA ELEMENTS--GENERAL INFORMATION | |
| fixed length control field | 120626s19uu xx 00 eng d |
| 050 ## - LIBRARY OF CONGRESS CALL NUMBER | |
| Classification number | CD 510 |
| Item number | P462f 2010 |
| 100 ## - MAIN ENTRY--PERSONAL NAME | |
| Personal name | Perry, Claire |
| 245 ## - TITLE STATEMENT | |
| Title | Oxford GCSE maths for Edexcel : |
| Remainder of title | foundation - teacher's guide CD / |
| Statement of responsibility, etc | Claire Perry, Ian Bettison. |
| 250 ## - EDITION STATEMENT | |
| Edition statement | version 1.0 |
| 700 ## - ADDED ENTRY--PERSONAL NAME | |
| Personal name | Bettison, Ian |
| 942 ## - ADDED ENTRY ELEMENTS (KOHA) | |
| Koha item type | Audio Visual Materials |
| Withdrawn status | Lost status | Damaged status | Use restrictions | Home library | Current library | Shelving location | Date acquired | Source of acquisition | Total Checkouts | Full call number | Barcode | Date last seen | Price effective from | Koha item type |
|---|---|---|---|---|---|---|---|---|---|---|---|---|---|---|
| Luxembourg Library | Luxembourg Library | Audio Visual Material Section | 06/26/2012 | CD 510 P462f 2010 | AV1495 | 04/14/2014 | 04/14/2014 | Audio Visual Materials |